000 00905nam a2200253 a 4500
001 BRCA_2309
005 20190320203743.0
008 190808s2007----mx-a---###---#000-0#spa-#
020 _a9789689298212
041 _aspa
044 _amx
050 4 _aZ1029
_b.C3 2007
100 1 _aCarreño Velázquez, Elvia
_96921
245 1 0 _aLos fondos bibliográficos antiguos
_bmanual de procedimientos
_cElvia Carreño Velázquez.
260 _aMéxico
_bApoyo al Desarrollo de Archivos y Bibliotecas de México
_c2007
300 _a1 v. (sin paginación)
_bil. (algunas a color)
_c24 cm.
440 0 _aColección Manuales
_v3
_96922
610 2 4 _aApoyo al Desarrollo de Archivos y Bibliotecas de México (Ciudad de México)
_96923
650 1 4 _aLibros antiguos
_vManuales
_96924
650 1 4 _aLibros
_xHistoria
_96925
650 1 4 _aBiblioteca
_vManuales
_xFondo antiguo
_96926
653 0 _aADABI
942 _2lcc
_cB
999 _c2054
_d2054